Monsters in Spelunky - Statistics

General Stats
  • This quiz has been taken 12 times
  • The average score is 25 of 56
Answer Stats
Monsters % Correct
Snake
100%
Caveman
89%
Spider
89%
Bat
78%
Frog
78%
Olmec
78%
Scorpion
78%
Yeti
78%
Cobra
67%
Giant Spider
67%
Shopkeeper
67%
Vampire
67%
Alien
56%
Alien Queen
56%
Alien Tank
56%
Anubis
56%
Black Knight
56%
King Yama
56%
Mantrap
56%
Mummy
56%
UFO
56%
Yeti King
56%
Anubis II
44%
Croc Man
44%
Green Knight
44%
Magma Man
44%
Piranha
44%
Skeleton
44%
The Ghost
44%
Tiki Man
44%
Tunnel Man
44%
Vlad
44%
Alien Lord
33%
Damsel
33%
Devil
33%
Fire Frog
33%
Horse Head
33%
Imp
33%
Jiang Shi
33%
Mammoth
33%
Monkey
33%
Succubus
33%
Bacterium
22%
Giant Frog
22%
Golden Monkey
22%
Hawk Man
22%
Old Bitey
22%
Ox Face
22%
Scarab
22%
Scorpion Fly
22%
Worm Baby
22%
Worm Egg
22%
Killer Bee
11%
Queen Bee
11%
Snail
11%
Spinner Spider
11%
No matching quizzes found
Score Distribution
Percent of People with Each Score
Percentile by Number Answered
Your Score History
You have not taken this quiz